| 000 | 00897nam a2200253 a 4500 | ||
|---|---|---|---|
| 001 | BRCA_3770 | ||
| 005 | 20190320204422.0 | ||
| 008 | 221009s2007----sp-a---###---#000-0#spa-# | ||
| 020 | _a9788496464643 | ||
| 041 | _aspa | ||
| 044 | _asp | ||
| 050 | 4 |
_aPQ6323 _b.Q55 2007 |
|
| 245 | 1 | 0 |
_aEl Quijote inédito de Édouard Zier _buna mirada recuperada _ccoordinado por José Manuel Lucía Megías ; textos Justo Fernández ... [et al.]. |
| 260 |
_aMadrid _bACC Grupo Zurich : SIAL Ediciones _c2007 |
||
| 300 |
_a155 p. _bil. (algunas a color) _c25 cm. |
||
| 600 | 1 | 4 |
_aZier, Francois Édouard _d1856-1924 _99828 |
| 650 | 1 | 4 |
_aIlustración de libros _xHistoria _99829 |
| 650 | 1 | 4 |
_aGrabado francés _ySiglo XIX _99830 |
| 700 | 1 |
_aLucía Megías, José Manuel _99831 |
|
| 700 | 1 |
_aFernández, Justo _99832 |
|
| 740 | 0 | _aEl Ingenioso Hidalgo Don Quijote de la Mancha | |
| 902 | _aCERV | ||
| 942 |
_2lcc _cB |
||
| 999 |
_c3499 _d3499 |
||